[Event "World Corporate Final"]
[Site "Chess.com INT"]
[Date "2021.02.21"]
[Round "1"]
[White "Sannikov, Igor"]
[Black "Lavrov, Maxim"]
[Result "0-1"]
[WhiteElo "2171"]
[BlackElo "2401"]
[PlyCount "92"]
[EventDate "2021.02.21"]
[EventType "team-k.o. (rapid)"]
[EventRounds "5"]
[EventCountry "USA"]
[SourceTitle "CBM 200 Extra"]
[Source "ChessBase"]
[SourceDate "2021.03.31"]
[SourceVersion "1"]
[SourceVersionDate "2021.03.31"]
[SourceQuality "1"]
[WhiteTeam "ERG"]
[BlackTeam "SBER"]
[WhiteTeamCountry "KAZ"]
[BlackTeamCountry "RUS"]

1. d4 Nf6 2. Nf3 g6 3. c4 Bg7 4. Nc3 d6 5. e3 0-0 6. Be2 b6 7. e4 Bb7 8. Qc2 Nbd7 9. 0-0 e5 10. dxe5 Nxe5 11. Nxe5 dxe5 12. Rd1 Qe7 13. Bg5 c6 14. Qd3 Rfd8 15. Qe3 Qe6 16. h3 Bf8 17. Rd2 Bc5 18. Rxd8+ Rxd8 19. Qf3 Be7 20. Rd1 Rxd1+ 21. Nxd1 Nd7 22. Bxe7 Qxe7 23. Nc3 Nc5 24. Qe3 Ne6 25. Qd2 Nd4 26. Bf1 Bc8 27. f4 Bxh3 28. fxe5 Qxe5 29. Ne2 Nxe2+ 30. Qxe2 Be6 31. b3 h5 32. Qd3 Kg7 33. Qd8 Qxe4 34. Qc7 Qe3+ 35. Kh2 Qf2 36. Bd3 Qh4+ 37. Kg1 Qd4+ 38. Kh2 Qxd3 39. Qe5+ Kh7 40. Qc7 h4 41. Qxc6 Qg3+ 42. Kh1 h3 43. gxh3 Bxh3 44. Qd5 Qf2 45. Qe4 Bf5 46. Qd5 Bg4 0-1

[Event "World Corporate East E"]
[Site "Chess.com INT"]
[Date "2021.02.19"]
[Round "3.4"]
[White "Wendler, Werner"]
[Black "Sannikov, Igor"]
[Result "0-1"]
[WhiteElo "1936"]
[BlackElo "2171"]
[PlyCount "84"]
[EventDate "2021.02.19"]
[EventType "team (rapid)"]
[EventRounds "7"]
[EventCountry "USA"]
[SourceTitle "EXT 2022"]
[Source "ChessBase"]
[SourceDate "2021.10.06"]
[SourceVersion "1"]
[SourceVersionDate "2021.10.06"]
[SourceQuality "1"]
[WhiteTeam "SG Stern"]
[BlackTeam "ERG"]
[WhiteTeamCountry "GER"]
[BlackTeamCountry "KAZ"]

1. d4 d5 2. c4 dxc4 3. Nf3 Nf6 4. e3 a6 5. a4 b6 6. Bxc4 e6 7. 0-0 Bb7 8. Nc3 Be7 9. Qe2 0-0 10. Rd1 Nbd7 11. Bd2 Ne4 12. Be1 Ndf6 13. Ne5 Bd6 14. f3 Nxc3 15. bxc3 Bxe5 16. dxe5 Nd7 17. Rd2 Qe7 18. f4 Nc5 19. Rad1 Bc6 20. Ra1 Bxa4 21. e4 Bc6 22. Rd4 Rfd8 23. f5 Rxd4 24. cxd4 Nxe4 25. fxe6 fxe6 26. Bd3 Qd7 27. Bf2 Nxf2 28. Qxf2 Rf8 29. Qh4 g6 30. Rf1 Rxf1+ 31. Kxf1 Qd5 32. Qg5 Bb5 33. Bxb5 axb5 34. Kf2 b4 35. Qf6 Qxd4+ 36. Kg3 Qd3+ 37. Kh4 Qf5 38. Qd8+ Kg7 39. Qxc7+ Kh6 40. Qxb6 g5+ 41. Kg3 Qf4+ 42. Kh3 Qh4# 0-1

[Event "Pavlodar op"]
[Site "Pavlodar"]
[Date "2015.12.13"]
[Round "7"]
[White "Sannikov, Igor"]
[Black "Akmatov, Altay"]
[Result "1/2-1/2"]
[WhiteElo "2261"]
[BlackElo "1636"]
[PlyCount "61"]
[EventDate "2015.12.07"]
[EventType "swiss"]
[EventRounds "10"]
[EventCountry "KAZ"]
[SourceTitle "EXT 2017"]
[Source "ChessBase"]
[SourceDate "2016.10.25"]
[SourceVersion "1"]
[SourceVersionDate "2016.10.25"]
[SourceQuality "1"]

1. Nf3 e6 2. d3 Nf6 3. Nbd2 d6 4. e4 Nc6 5. Be2 Be7 6. 0-0 0-0 7. c3 h6 8. Qc2 e5 9. Nc4 Nh7 10. d4 exd4 11. cxd4 Bg4 12. Be3 d5 13. exd5 Qxd5 14. Nce5 Nxe5 15. dxe5 c6 16. Bd3 Ng5 17. Nxg5 hxg5 18. Bh7+ Kh8 19. Bf5 Bxf5 20. Qxf5 f6 21. Rfd1 Qxe5 22. Qxe5 fxe5 23. Rd7 Bf6 24. Rxb7 Rab8 25. Rxa7 Rxb2 26. Rc1 Rd8 27. g3 Rd6 28. Kg2 Kh7 29. Kf3 Kg6 30. Rc4 Kf5 31. Ra6 1/2-1/2

[Event "Omsk-ch"]
[Site "Omsk"]
[Date "2010.03.10"]
[Round "11"]
[White "Mikhailovsky, Viktor"]
[Black "Sannikov, Igor"]
[Result "0-1"]
[WhiteElo "1991"]
[BlackElo "2261"]
[PlyCount "62"]
[EventDate "2010.02.20"]
[EventType "swiss"]
[EventRounds "11"]
[EventCountry "RUS"]
[SourceTitle "CBM 135 Extra"]
[Source "ChessBase"]
[SourceDate "2010.05.04"]
[SourceVersion "1"]
[SourceVersionDate "2010.05.04"]
[SourceQuality "1"]

1. c4 Nf6 2. Nf3 e6 3. d4 b6 4. Nc3 Bb4 5. a3 Bxc3+ 6. bxc3 Ba6 7. e3 c5 8. Bd3 Qc7 9. Bb2 0-0 10. Rc1 Nc6 11. 0-0 Na5 12. Qa4 d5 13. Ne5 dxc4 14. Nxc4 Ng4 15. g3 Nxc4 16. Bxc4 Bb7 17. Ba2 Qe7 18. d5 Ne5 19. Qe4 exd5 20. Bxd5 Bxd5 21. Qxd5 Rad8 22. Qe4 Qf6 23. Rfd1 Nf3+ 24. Kg2 Nd2 25. Qg4 Qc6+ 26. f3 Qb5 27. Ba1 Qe2+ 28. Kh3 Nxf3 29. Rg1 Rd6 30. Qf4 Rh6+ 31. Kg4 f5+ 0-1

[Event "Omsk-ch"]
[Site "Omsk"]
[Date "2010.03.06"]
[Round "9"]
[White "Sannikov, Igor"]
[Black "Karabut, Vladimir"]
[Result "0-1"]
[WhiteElo "2261"]
[BlackElo "2089"]
[PlyCount "72"]
[EventDate "2010.02.20"]
[EventType "swiss"]
[EventRounds "11"]
[EventCountry "RUS"]
[SourceTitle "CBM 135 Extra"]
[Source "ChessBase"]
[SourceDate "2010.05.04"]
[SourceVersion "1"]
[SourceVersionDate "2010.05.04"]
[SourceQuality "1"]

1. e4 g6 2. d4 Bg7 3. f4 e6 4. Nf3 Ne7 5. Bd3 d6 6. Be3 a6 7. Nc3 Nd7 8. Qd2 b5 9. a3 Nb6 10. 0-0 f5 11. Qf2 Nc4 12. Bc1 d5 13. exd5 Nxd5 14. Re1 0-0 15. a4 Nxc3 16. bxc3 Bb7 17. Bxc4 bxc4 18. Ng5 Qd5 19. Ba3 Rfe8 20. Re2 Qd7 21. Bc5 Bd5 22. a5 h6 23. Nf3 Kh7 24. Qg3 Bf6 25. Bb4 Rg8 26. Ne5 Bxe5 27. dxe5 g5 28. Rd1 gxf4 29. Qxf4 Rg4 30. Qf1 Rag8 31. Rdd2 f4 32. Rf2 Qd8 33. Bc5 Bxg2 34. Rxd8 Bxf1+ 35. Kxf1 Rxd8 36. Bd4 Rd5 0-1